Sports Quiz

Random Sports or NHL Quiz

5 goals in 5 situations in the NHL Quiz Stats

 Plays Quiz not verified by Sporcle

Score 0/5 Timer 02:00
0 Plays Today
Situation % Correct
Power Play
96.8%
Shorthanded
94.5%
Even Strength
90.3%
Penalty Shot
89.8%
Empty Net
76.4%

You're not logged in!

Compare scores with friends on all Sporcle quizzes.
OR
Log In

You Might Also Like...

Show Comments

Extras

Top Quizzes Today


Score Distribution

Your Account Isn't Verified!

In order to create a playlist on Sporcle, you need to verify the email address you used during registration. Go to your Sporcle Settings to finish the process.

Report this User

Report this user for behavior that violates our Community Guidelines.

Details: